Mha : My Hero Academia quirk - Statistics

General Stats
  • This quiz has been taken 323 times
  • The average score is 27 of 311
Answer Stats
Hint Answer % Correct
Mina Ashido Acid
91%
All For One/Tomura Shigaraki/Nine All For One
72%
Katsuki Bakugo Explosion
71%
All Might/ Izuku Midoriya/ Tomura Shigaraki, .... One For All
70%
All For One/Tomura Shigaraki Decay
48%
Shihai Kuroiro Black
38%
Momo Yaoyorozu Creation
36%
Fumikage Tokoyami Dark Shadow
36%
Tsuyu Asui Frog
35%
Eijiro Kirishima/Akira Iwako Hardening
35%
Recovery Girl Heal
35%
Daigoro Banjo/Izuku Midoriya/Tomura Shigaraki Blackwhip
33%
Nana Shimura/Izuku Midoriya/Tomura Shigaraki Float
33%
Ochaco Uraraka Zero Gravity
33%
Hanta Sero Tape
32%
Dabi Blueflame
31%
Ida Family (Tenya Ida/Tensei Ida) Engine
31%
Kyoka Jiro/Mika Jiro Earphone Jack
29%
Shota Aizawa Erasure
29%
Toru Hagakure (Mr. Hagakure + Mrs. Hagakure) Invisibility
29%
Koji Koda Anivoice
28%
Neito Monoma Copy
28%
Shoto Todoroki Half-Cold Half-Hot
28%
Mashirao Ojiro Tail
28%
Cementoss Cement
27%
Minoru Minetta Pop Off
27%
Eri Rewind
27%
Rikido Sato Sugar Rush
27%
Enji Todoroki Hellflame
26%
Tetsutetsu Tetsutetsu Steel
26%
Gran Torino Jet
25%
Bubble Girl Bubble
23%
Mezo Shoji Dupli-Arms
23%
Denki Kaminari Electrification
23%
?/All For One/ Yuga Aoyama Navel Laser
23%
Himiko Toga Transform
23%
Robber Villain Smoke
22%
Kurogiri Warp Gate
21%
Bruce/Izuku Midoriya/Tomura Shigaraki Fa Jin
20%
Hizashi Yamada Voice
20%
Itsuka Kendo Big Fist
19%
Hitoshi Shinso Brainwashing
19%
Jin Bubaigawara/Mocha Double
19%
Kudo/Izuku Midoriya/Tomura Shigaraki Gearshift
19%
Kai Chisaki Overhaul
19%
En Tayutai/Izuku Midoriya/Tomura Shigaraki Smokescreen
19%
Keigo Takami/All For One Fierce Wings
18%
Sir Nighteye Foresight
18%
Giant Villain/Mt.Lady/Gigantomachia Gigantification
18%
Mirio Togata/Mr. Togata Permeation
18%
Mei Hatsume Zoom
18%
Anan Kurose Black Hole
16%
Hikage Shinomori/Izuku Midoriya/Tomura Shigaraki Danger Sense
16%
Near High-End Nomu/Tomura Shigaraki Wing
16%
Vlad King Blood Control
15%
Ryuko Tatsuma Dragon
15%
Chizome Akaguro/All For One Bloodcurdle
14%
Oboro Shirakumo Cloud
14%
Atsuhiro Sako Compress
14%
Cow Lady Cow
14%
Rei Todoroki/Fuyumi Todoroki/Natsuo Todoroki Frost
14%
Tamaki Amajiki Manifest
14%
Rumi Usagiyama Rabbit
14%
Tomoko Shiretoko/All For One/Tomura Shigaraki Search
14%
Masaru Bakugo Acid Sweat
13%
Jurota Shishida Beast
13%
Fat Gum Fat Absorption
13%
Edgeshot Foldabody
13%
Mustard Gas
13%
Kinoko Komori Mushroom
13%
?/Cathleen Bate/Tomura Shigaraki New Order
13%
Rikiya Yotsubashi Stress
13%
Ibara Shiozaki Vines
13%
Ectoplasm Clones
12%
Ryo Inui/Gigantomachia Dog
12%
Shuichi Iguchi Gecko
12%
Mitsuki Bakugo Glycerin
12%
Nezu High Specs
12%
Nejjire Hado Wave Motion
12%
Manga Fukidashi Comic
11%
X-Less Laser
11%
Rapt Tokage Lizard
11%
?/All For One/ Tomura Shigaraki Air Cannon
10%
?/All For One/Kaina Tsutsumi Air Walk
10%
Snipe Homing
10%
Manami Aiba Love
10%
Shino Sosaki Telepath
10%
Yo Shindo Vibrate
10%
Shinji Nishiya Arbor
9%
Christopher Skyline Bombers Flight
9%
Camie Utsushimi Glamour
9%
Kenji Hikiishi Magnetism
9%
Reiko Yanagi Poltergeist
9%
Kaina Tsutsumi Rifle
9%
Yui Kodai Size
9%
Nemuri Kayama Somnambulist
9%
Inasa Yoarashi Whirlwind
9%
?/Nine Air Wall
8%
Danjuro Tobita Elasticity
8%
Saiko Intelli IQ
8%
Seiji Shishikura Meatball
8%
Nirengeki Shoda Twin Impact
8%
Moonfish Blade-Tooth
7%
Katsuma Shimano/M. Shimano/Nine Cell Activation
7%
Tsunagu Hakamada Fiber Master
7%
Soramitsu Tabe Food
7%
Pony Tsunotori Horn Cannon
7%
Crust Shield
7%
Nomu Shock Absorption
7%
Juzo Honenuki Softening
7%
Rody Soul Soul
7%
Number 6/Multi-Armed Bomber Nomus/Tomura Shigaraki,... Super Regeneration
7%
Nine Weather Manipulation
7%
Yosetsu Awase Weld
7%
Hekiji Tengai Barrier
6%
?/All For One/Gigantomachia Mole
6%
Ms. Joke Outburst
6%
Hood Pankration Power
6%
?/All For One/Tomura Shigaraki Radio Waves
6%
Selkie Spotted Seal
6%
? Paranormal Liberation Front adviser Amplivolt
5%
Inko Midoriya Attraction of Small Objects
5%
Juzo Moashi Centipede
5%
Shin Nemoto/Kai Chisaki Confession
5%
Ryuko Tsuchikawa Earth Flow
5%
Sirius Good Ear
5%
Sen Kaibara Gyrate
5%
?/Nine Hydra
5%
Geten Ice Ply
5%
Power Loader/Sickle Claw Iron Claws
5%
Kazuho Haneyama/BeePop Leap
5%
Kyudai Garaki/ All For One Life Force
5%
Setsuna Tokage Lizard Tail Splitter
5%
Goto Imasuji/?/All For One/Wolfram/Hood/White Nomu Muscle Augmentation
5%
Gang Orca Orcinus
5%
Iwao Oguro/All For One/ Number 6 Overclock
5%
Tiger Pliabody
5%
Kuin Hachisuka/Tamao Oguro BeePop/ Kazuho Haneyama Queen Bee
5%
Flect Turn/Tomura Shigaraki Reflect
5%
Hiryu Rin Scales
5%
Teruo Hazukashi Shame
5%
Koichi Haimawari Slide and Glide
5%
Shinjiro Hohoemi Smile
5%
Kosei Tsuburaba Solid Air
5%
Hanzo Suiden Water Control
5%
Kota Izumi Water Gun
5%
Batto Yobayakawa Bat
4%
Daikaku Miyagi Big Horn
4%
Sensoji Blast
4%
Moe Kamiji Blazing Hair
4%
?/All For One Bloodlet
4%
Itejiro Toteki Boomerang
4%
?/All For One Brawn Boost
4%
Kojiro Bondo Cemedine
4%
Invisible Wall Chameleon
4%
His Purple Highness Chest Hair
4%
Chojuro Kon Chimera
4%
Hari Kurono Chronostasis
4%
?/All For One Dark Ball
4%
Needle Hair/Martial Hair Hair Control
4%
Chitose Kizuki Landmine
4%
Toya Setsuno Larceny
4%
Ken Takagi Lock Down
4%
Chomper Plant
4%
All For One and Yoichi's mother/? Spearlike Bones
4%
Soga Kugisaki Spike
4%
?/All For One/Tomura Shigaraki Springlike Limbs
4%
Tomoyasu Chikazoku Anthropomorph
3%
?/ All For One Antigen Swap
3%
?/All For One/ Shuichi Iguchi Body Bulk
3%
Number 6 Bombify
3%
Tsuyoshi Bristle
3%
Muscle Man Charging Muscles
3%
Yu Hojo Crystallize
3%
Konako Haizono Dust
3%
Takahiro Eagle
3%
Teruo Unagisawa Eel
3%
?/All For One Forced Quirk Activation
3%
Gunhead Gatling
3%
Mahoro Shimano Hologram
3%
?/All For One Impure Beam
3%
Sidero Iron Ball
3%
Ryuichi Gojiyama Kaiju
3%
? Masegaki student King Slam
3%
Joi Irinaka Mimicry
3%
Innsmouth Octopus
3%
Takeshi Bushijima Poison Gas
3%
Yoichi Shigaraki Quirk Bestowal
3%
Togaru Kamakiri Razor Sharp
3%
?/All For One Rivet
3%
Deidoro Sakaki Sloshed
3%
Shikkui Makabe Stiffening
3%
Garvey Stock
3%
Tatami Nakagame Telescopic
3%
?/All For One/Johnny Warping
3%
Curator Whale
3%
Ending Whiteline
3%
? Masegaki student Assault Dust
2%
Ichimoku Samazu Beams From His Eyes
2%
Rikiya Eno Big Monkey
2%
Tamashiro Binging Ball
2%
Steel Bulwark Body Morph
2%
Bearhead Brown Bear
2%
Chuma Yakumaru Bruiser
2%
?/Nine Bullet Laser
2%
Minotaurus Bull Head
2%
Kashiko Sekigai Chart
2%
Susugu Mitarai Clean Bubbler
2%
Zookeeper Cleaning
2%
Tenko Tejina Conjure
2%
Cow Cowboy Control Horn
2%
Thousand Eyes Curse
2%
Dictator Despot
2%
Drunk Lee Dragon Breath
2%
Tesla Electric Charge
2%
? Masegaki student Electromagnetic Bullets
2%
Gigantomachia Energy Saver
2%
Rikiya Katsukame Energy Suck
2%
Nagamasa Mora Extend-o-Hair
2%
Four-Armed Zealot Extra Arms
2%
Tsumuji Kazetani Fan
2%
Blackbelt Fast Fist
2%
Shoko Haimawari Fly Swatter
2%
Gale Villain Gale Gale
2%
Mr. Brave Hair-Raiser
2%
?/All For One Hardflame Fan
2%
? Masegaki student Hula Hoop
2%
?/All For One Hypertrophy
2%
Moyuru Tochi Ignition
2%
?/All For One Impact Recoil
2%
?/All For One Infrared
2%
Rogone Iron Club
2%
?/All For One Kinetic Booster
2%
? Yakuza thug Leafipulation
2%
Shishido Lion
2%
Woman Liquification
2%
Beros Longbow
2%
Enma Kannagi Magic
2%
Kirihito Kamachi Mantis
2%
Monster Cat Monster Cat
2%
Kagero Okuta Muddied
2%
Hoyo Makihara Mummification
2%
Salaam Papyrus
2%
Mario Kugutsu Playtime
2%
Makoto Tsukauchi Polygraph
2%
Fourth Kind Quad Arms
2%
? Masegaki student Queen Beam
2%
?/All For One/Tomura Shigaraki Rivet Stab
2%
Unamed Pro Hero Saber
2%
Kiruka Hasaki Slice
2%
Nomu (Chainsaw) Tool Arms
2%
Kido Traject
2%
Backdraft Water Pump
2%
Taneo Tokuda Whole-Body-Lens
2%
Near High-End Nomu Burst
1%
Willy Wanda Diesel Engine
1%
Teruo Unagisawa/Kuin Hachisuka Electric Eel
1%
Elecplant Electricity Generation
1%
Gigantomachia Endurance
1%
Maguma Iwata Eruption
1%
Gigantomachia Fierce Gains
1%
Bomb Villain Fire Cracker
1%
Dadan Tadan Flash Bang Sweat
1%
Clair Voyance's Sidekick Flying Squirrel
1%
Eizo Tanuma Free Walker
1%
Eiji Okameda Gigantic Spinning Flying Turtle
1%
Three Sturm und Drang Brothers Glide and Slide
1%
Ichiro Hotta/Jiro Hotta Grasshopper
1%
?/Tomura Shigaraki Heavy Payload
1%
Leviathan Helical Scythe
1%
Koku Hanabata Incite
1%
? Unamed villain Longleg
1%
Wolfram Metal manipulation
1%
Odd-Eye Mind Reaper
1%
?/All For One Multiplier
1%
Hard Head Muscle Expansion
1%
Stitched Giant Mutant Bovini
1%
Ikajiro Takobe Octopus Squid
1%
Gigantomachia Pain Blocker
1%
Habuko Mongoose Paralysis
1%
Unamed Pro Hero Physical Enhancement
1%
Hokuto Hario Pointer
1%
Cluster Bombers Propagation
1%
Kosei Tokuiten Quirk Singularity
1%
Mazinger Brothers Rocket Thrust
1%
Woman Rupture
1%
Snatch Sandstorm
1%
?/All For One/Shuichi Iguchi Scalemail
1%
?/Nine Scanning
1%
?/Tomura Shigaraki Scatter
1%
Monika Kaniyashiki Scissors
1%
Bombers/Number 6/? Self-Detonation
1%
Uwabami Serpentress
1%
Hood Shoulder-Mounted Jets
1%
Emperor Yotsuura Soccer
1%
David Shield Squirmy Fingers
1%
Hood Storage
1%
Kendo Rappa Strongarm
1%
Suicide Bomber Suicide Bomb
1%
Unamed pervert Swan
1%
Serpenters Sword Kill
1%
Tommy S. Gordon Tank Engine
1%
Big Red Dot Tidal Bore
1%
Godzillo Toho
1%
? Masegaki student Tongue Tank
1%
?/All For One/Hood Transforming Arms
1%
Habit Headgear Trap Flex
1%
? Masegaki student Viral Cosmos
1%
Clair Voyance Voyance
1%
Jube Namimaru Wooden Swords From His Hands
1%
Romero Fujimi Zombie Virus
1%
No matching quizzes found
Score Distribution
Percent of People with Each Score
Percentile by Number Answered
Your Score History
You have not taken this quiz